000 00278nam a2200097Ia 4500
001 686095
005 20250826161530.0
008 250824s9999 xx 000 0 und d
245 0 _aKorku Kültürü Niçin Mış Gibi Yaşıyoruz?
_cDOĞAN CÜCELOĞLU
260 _bREMZİ KİTABEVİ
999 _c686095
_d686095